| 000 | 00499nam a2200217Ia 4500 | ||
|---|---|---|---|
| 005 | 20250425161210.0 | ||
| 008 | 250425s9999 xx 000 0 und d | ||
| 041 | _aspa | ||
| 082 | _a621.816 | ||
| 110 | _aJOHN DEERE | ||
| 245 | 0 | _aIDENTIFICACION DE FALLAS DE PIEZAS | |
| 250 | _a1A ED. | ||
| 260 |
_aEstados Unidos _bJOHN DEERE _c1979 |
||
| 260 | _aMOLINE | ||
| 650 | _aCOJINETES | ||
| 650 | _aCORREAS | ||
| 650 | _aENGRANAJES | ||
| 650 | _aPISTONES | ||
| 942 | _c01 | ||
| 010 | _a14870 | ||
| 999 |
_c204373 _d204373 |
||